书目信息 |
| 题名: |
城市与房地产经济学
|
|
| 作者: | 刘洪玉 , 郑思齐 编著 | |
| 分册: | ||
| 出版信息: | 北京 中国建筑工业出版社 2007 |
|
| 页数: | 11,224页 | |
| 开本: | 26cm | |
| 丛书名: | ||
| 单 册: | ||
| 中图分类: | F290 | |
| 科图分类: | ||
| 主题词: | 城市经济学--高等学校--教材 , 房地产经济学--高等学校--教材 , 城市经济学 , 房地产经济学 | |
| 电子资源: | ||
| ISBN: | 978-7-112-09510-0 | |
| 000 | 00962nam0 2200289 450 | |
| 001 | 523 | |
| 005 | 20140909093241.68 | |
| 010 | @a978-7-112-09510-0@dCNY23.00 | |
| 100 | @a20070402d2007 em y0chiy50 ea | |
| 101 | 0 | @achi |
| 102 | @aCN@b110000 | |
| 105 | @ay z 000yy | |
| 106 | @ar | |
| 200 | 1 | @a城市与房地产经济学@f刘洪玉,郑思齐编著 |
| 210 | @a北京@c中国建筑工业出版社@d2007 | |
| 215 | @a11,224页@d26cm | |
| 300 | @a普通高等教育土建学科专业“十一五”规划教材 高等学校工程管理专业规划教材 | |
| 330 | @a本书以房地产经济学为主体,全面介绍了城市与房地产经济学的主要理论和研究方法,并对国内外城市经济和房地产市场发展中的重要实践问题进行了深入的理论和实证分析。 | |
| 606 | 0 | @a城市经济学@x高等学校@j教材 |
| 606 | 0 | @a房地产经济学@x高等学校@j教材 |
| 606 | 0 | @a城市经济学 |
| 606 | 0 | @a房地产经济学 |
| 690 | @aF290@v5 | |
| 701 | 0 | @a刘洪玉@4编著 |
| 701 | 0 | @a郑思齐@4编著 |
| 801 | 0 | @aCN@bTANGWEI@c20140603 |
| 905 | @b0842942-44@dF290@e1168@f3 | |
| 城市与房地产经济学/刘洪玉,郑思齐编著.-北京:中国建筑工业出版社,2007 |
| 11,224页;26cm |
| 普通高等教育土建学科专业“十一五”规划教材 高等学校工程管理专业规划教材 |
| ISBN 978-7-112-09510-0:CNY23.00 |
| 本书以房地产经济学为主体,全面介绍了城市与房地产经济学的主要理论和研究方法,并对国内外城市经济和房地产市场发展中的重要实践问题进行了深入的理论和实证分析。 |
| ● |
| 相关链接 |
|
|
|
|
正题名:城市与房地产经济学
索取号:F290/1168
 
预约/预借
| 序号 | 登录号 | 条形码 | 馆藏地/架位号 | 状态 | 备注 |
| 1 | 0842942 | 208429422 | 第一样本阅览室/ [索取号:F290/1168] | 在馆 | |
| 2 | 0842943 | 208429431 | 第一借阅区/ [索取号:F290/1168] | 在馆 | |
| 3 | 0842944 | 208429440 | 经管系资料室/ [索取号:F290/1168] | 在馆 |